Effectif Argentine - Coupe du monde 2026 - Statistiques

Statistiques générales
  • Ce quiz a été pris 36 fois
  • Le résultat moyen est 20 sur 27
Statistiques - réponses
Poste Club Numéro Joueur % Correct
Gardien Aston Villa 23 Emiliano Martínez
100%
Attaquant Inter Milan 22 Lautaro Martínez
100%
Attaquant Inter Miami CF 10 Lionel Messi
100%
Défenseur Manchester United 6 Lisandro Martínez
100%
Gardien Olympique de Marseille 12 Gerónimo Rulli
94%
Défenseur Olympique Lyonnais 3 Nicolás Tagliafico
94%
Milieu Chelsea FC 24 Enzo Fernández
91%
Attaquant Atlético de Madrid 9 Julián Alvarez
91%
Défenseur Olympique de Marseille 2 Leonardo Balerdi
91%
Milieu Inter Miami CF 7 Rodrigo De Paul
88%
Milieu Liverpool FC 20 Alexis Mac Allister
85%
Défenseur Tottenham Hotspur 13 Cristian Romero
85%
Défenseur SL Benfica 19 Nicolás Otamendi
82%
Attaquant Como 1907 18 Nico Paz
82%
Attaquant Atlético de Madrid 17 Giuliano Simeone
79%
Défenseur Olympique de Marseille 25 Facundo Medina
76%
Défenseur Atlético de Madrid 26 Nahuel Molina
76%
Milieu RC Strasbourg Alsace 8 Valentín Barco
73%
Gardien Atlético de Madrid 1 Juan Musso
67%
Milieu Bayer 04 Leverkusen 14 Exequiel Palacios
64%
Sélectionneur - - Lionel Scaloni
58%
Défenseur Atlético de Madrid 4 Gonzalo Montiel
48%
Milieu Real Betis Balompié 11 Giovani Lo Celso
42%
Milieu CA Boca Juniors 5 Leandro Paredes
42%
Attaquant Atlético de Madrid 15 Nico González
39%
Attaquant Atlético de Madrid 16 Thiago Almada
36%
Attaquant Palmeiras 21 José Manuel López
12%
Aucun quiz correspondant
Distribution des résultats
% des personnes avec chaque résultat
Percentile par nombre de réponses
Votre historique - résultats
Vous n’avez pas pris ce quiz